000 00670nam a2200217Ia 4500
001 15211
003 GE_BSU
008 181216s||||||||xx |||||||||||||| ||und||
040 _cGE_BSU
080 _a821.353.1-1
100 _aშატბერაშვილი,გიორგი
245 _aა იმ მთაზე
245 _bლექსები
245 _cრედ:ი.ნონეშვილი;მხატვ:თ.ასიტაშვილი
260 _aთბილისი
260 _bსაბჭოთა მწერალი
260 _c1956
300 _a194გვ;17სმ.
653 _aლექსები
942 _cBK
999 _c48323
_d48323